Loading...
Any History | 9 | 15.56 | 100% | 33% | 22% |
Current Events | 3 | 20.00 | 100% | 67% | 33% |
Fine Arts - Classical Music | 9 | 17.78 | 100% | 67% | 11% |
Fine Arts - Other Fine Arts | 7 | 12.86 | 100% | 29% | 0% |
Geography | 2 | 15.00 | 100% | 50% | 0% |
History - American History | 10 | 5.00 | 50% | 0% | 0% |
History - European History | 4 | 10.00 | 75% | 25% | 0% |
History - World History | 6 | 20.00 | 100% | 67% | 33% |
Literature - American Literature | 7 | 15.71 | 100% | 57% | 0% |
Literature - British Literature | 6 | 13.33 | 100% | 33% | 0% |
Literature - European Literature | 7 | 12.86 | 100% | 29% | 0% |
Literature - World Literature | 8 | 16.25 | 88% | 50% | 25% |
Mythology | 3 | 16.67 | 100% | 33% | 33% |
Other Academic | 3 | 13.33 | 100% | 33% | 0% |
Painting & Sculpture | 6 | 11.67 | 83% | 17% | 17% |
Philosophy | 7 | 20.00 | 100% | 86% | 14% |
Religion | 8 | 12.50 | 100% | 13% | 13% |
Science - Biology | 7 | 14.29 | 100% | 43% | 0% |
Science - Chemistry | 10 | 19.00 | 100% | 70% | 20% |
Science - Other Science | 9 | 13.33 | 89% | 44% | 0% |
Science - Physics | 5 | 12.00 | 100% | 20% | 0% |
Social Science | 10 | 18.00 | 100% | 70% | 10% |